000 00779pam a2200265 a 4500
008
020 _a0442234856 (hbk.)
049 _aMAIN
090 _aTA645
_bWEA
100 1 _aWeaver, William.
245 1 0 _aMatrix analysis of framed structures /
_cWilliam Weaver, James M. Gere.
250 _a3rd ed.
260 _aNew York :
_bVan Nostrand Reinhold,
_c1990.
300 _axii, 546 p. :
_bill. ;
_c24 cm.
504 _aIncludes bibliographical references.
500 _aIncludes index.
650 0 _aStructural analysis (Engineering)
650 0 _aMatrices.
700 1 _aGere, James M.
907 _a.b10170285
_b09-10-12
_c02-08-05
003
005 20230123134346.0
040 _cNUST
942 _cBOOKS
_kTA645
_mWEA
999 _c164533
_d164533